Язык параллельного программирования Синхро, предназначенный для обучения (Запись № 11225546)

Подробности
000 -МАРКЕР
контрольное поле 01483nam0a2200325 i 4500
001 - ИДЕНТИФИКАТОР ЗАПИСИ
контрольное поле RU\NLR\BIBL_A\011347347
005 - ИДЕНТИФИКАТОР ВЕРСИИ
контрольное поле 20260405125005.0
021 ## - НОМЕР ГОСУДАРСТВЕННОЙ РЕГИСТРАЦИИ
Код страны Российская Федерация
Номер 2017-9537
Номер Листа государственной регистраци 701
035 ## - ДРУГИЕ СИСТЕМНЫЕ НОМЕРА
Идентификатор записи (NLR Aleph) 011347347
100 ## - ДАННЫЕ ОБЩЕЙ ОБРАБОТКИ
Данные общей обработки 20170316d2016 k y0rusy50 ca
101 0# - ЯЗЫК РЕСУРСА
Язык текста, звукозаписи и т.д. русский
Язык резюме английский
102 ## - СТРАНА ПУБЛИКАЦИИ ИЛИ ПРОИЗВОДСТВА
Страна публикации Российская Федерация
105 ## - ПОЛЕ КОДИРОВАННЫХ ДАННЫХ: ТЕКСТОВЫЕ МАТЕРИАЛЫ, МОНОГРАФИЧЕСКИЕ
Кодированные данные о монографическом текстовом документе y z 000yy
200 1# - ЗАГЛАВИЕ И СВЕДЕНИЯ ОБ ОТВЕТСТВЕННОСТИ
Основное заглавие Язык параллельного программирования Синхро, предназначенный для обучения
Параллельное заглавие Educational parallel programming language Synchro
Первые сведения об ответственности Л. В. Городняя
210 ## - ПУБЛИКАЦИЯ, РАСПРОСТРАНЕНИЕ И ДР.
Место издания, распространения и т.д. Новосибирск
Имя издателя, распространителя и т. д. ИСИ
Дата издания, распространения и т.д. 2016
215 ## - ФИЗИЧЕСКАЯ ХАРАКТЕРИСТИКА
Специфическое обозначение материала и объем 29 c
Размеры 21
225 1# - СЕРИЯ
Основное заглавие серии Препринт
Сведения об ответственности Рос. акад. наук, Сиб. отд-ние, Ин-т систем информатики им. А. П. Ершова
Обозначение тома 180
300 ## - ОБЩИЕ ПРИМЕЧАНИЯ
Текст примечания Авт. также на англ. яз.: L. V. Gorodnyaya
300 ## - ОБЩИЕ ПРИМЕЧАНИЯ
Текст примечания Рез. на англ. яз
320 ## - ПРИМЕЧАНИЯ О НАЛИЧИИ В ДОКУМЕНТЕ БИБЛИОГРАФИИ / УКАЗАТЕЛЯ
Текст примечания Библиогр.: с. 29 (9 назв.)
510 1# - ПАРАЛЛЕЛЬНОЕ ЗАГЛАВИЕ
Связь между полями z45790
Параллельное заглавие Educational parallel programming language Synchro
Язык заглавия английский
606 ## - НАИМЕНОВАНИЕ ТЕМЫ КАК ПРЕДМЕТ
Наименование темы СИНХРО, язык программирования
Системный номер авторитетной/нормативной записи 2321805
Идентификатор авторитетной/нормативной записи RU\NLR\AUTH\6601613779
686 1# - ИНДЕКСЫ ДРУГИХ КЛАССИФИКАЦИЙ
Индекс З973.202-018.1
700 #1 - ИМЯ ЛИЦА - ПЕРВИЧНАЯ ОТВЕТСТВЕННОСТЬ
Материалы, к которым относится поле rus
Графика поля Кириллица
Начальный элемент ввода Городняя
Часть имени, кроме начального элемента ввода Л. В.
Расширение инициалов личного имени Лидия Васильевна
Идентификатор авторитетной/нормативной записи RU\NLR\AUTH\7750344
Системный номер авторитетной/нормативной записи 33279
790 #1 - ИМЯ ЛИЦА - АЛЬТЕРНАТИВНАЯ ФОРМА
Материалы, к которым относится поле rus
Графика поля Латинская
Начальный элемент ввода Gorodnjaja
Часть имени, кроме начального элемента ввода L. V.
Расширение инициалов личного имени Lidija Vasil'evna
Идентификатор авторитетной/нормативной записи RU\NLR\AUTH\7750346
Системный номер авторитетной/нормативной записи 33281
942 ## - ДОПОЛНИТЕЛЬНЫЕ ЭЛЕМЕНТЫ ЗАПИСИ (АБИС)
Тип экземпляра АБИС Книга
980 ## - КОЛЛЕКЦИЯ
Название коллекции НБР

Нет доступных экземпляров.